Quiz sur l'Eure - Statistiques

Statistiques générales
  • Ce quiz a été pris 3 108 fois
  • Le résultat moyen est 9 sur 16
Statistiques - réponses
Question Réponse % Correct
Région à laquelle il appartient Normandie
97%
Numéro du département 27
95%
Mer qui borde l'Eure sur ses 2 kilomètres de côte Manche
95%
Fleuve dont l'Eure est un affluent Seine
94%
Préfecture et plus grande ville Évreux
81%
Peuple explorateur qui a colonisé l'Eure autour de l'an 900 Vikings
75%
Peintre célèbre qui a peint de nombreuses représentations de Giverny Claude Monet
66%
Champion du monde 2018 évoluant au poste d'ailier à Barcelone Ousmane Dembélé
49%
Célèbre roi anglais qui a commandité ce dernier en 1197 Richard Cœur de Lion
48%
Région traditionnelle recouvrant l'ouest de l'Eure, l'Orne et le Calvados Pays d'{Auge}
44%
Pilote de Formule 1 qui a remporté le GP de Hongrie en 2021 Esteban Ocon
43%
Fromage frais originaire de l'Eure : « du pain, du ___, on est bien » Boursin
40%
Actrice euroise ayant reçu 4 Césars, également mère de Laura Smet Nathalie Baye
36%
Sous-préfecture où se situe le Château-Gaillard Les Andelys
33%
Sous-préfecture qui a brièvement été le chef-lieu du département Bernay
31%
Homme politique ayant négocié la paix en Indochine, qui a étéprésident du Conseil puis président de l'Eure entre 1945 et 1958 Pierre Mendès France
14%
Aucun quiz correspondant
Distribution des résultats
% des personnes avec chaque résultat
Percentile par nombre de réponses
Votre historique - résultats
Vous n’avez pas pris ce quiz